000 00439nam a2200205Ia 4500
001 11934
003 GE_BSU
008 181216s||||||||xx |||||||||||||| ||und||
020 _a0751533955
040 _cGE_BSU
080 _a821.111-312.4
100 _aBillingham,Mark
245 _aScaredy Cat
260 _aLondon
260 _bTime Warner books.
260 _c2002.
300 _a460p;18cm.
653 _aScaredy Cat
942 _cBK
999 _c45111
_d45111